Statistics for Countries located on two continents

Click here to take the quiz!

General Stats

  • This quiz has been taken 52 times
  • The average score is 12 of 16

Answer Stats

ContinentsCountry% Correct
Europe, AsiaRussia
96%
Asia, EuropeTurkey
96%
Europe, North America, South America, Asia, Africa, OceaniaFrance
90%
North America, OceaniaUSA
90%
Europe, AfricaSpain
88%
Europe, North America, South America, Africa, Asia, OceaniaUK
88%
Africa, AsiaEgypt
84%
Asia, OceaniaIndonesia
84%
North America, South AmericaPanama
82%
Europe, North AmericaDenmark
80%
South America, OceaniaChile
76%
Europe, AfricaPortugal
75%
Europe, North AmericaNetherlands
73%
Oceania, AsiaAustralia
67%
Europe, AfricaNorway
41%
Asia, EuropeKazachstan
4%

Score Distribution

Percentile by Number Answered

Percent of People with Each Score

Your Score History

You have not taken this quiz